[Event "Frankfurt Ch 2014"]
[Site "Ffm-Höchst, BiKuZ"]
[Date "2014.05.19"]
[Round "4.56"]
[White "Klikic, Drazen"]
[Black "Kißler, Johann"]
[Result "0-1"]
[WhiteElo "1235"]
[BlackElo "1531"]
[PlyCount "54"]
[EventDate "2014.??.??"]
[WhiteTeam "SC 1961 König Nied"]
[BlackTeam "Sfr. Hochheim"]

1. e4 c5 2. Nc3 Nc6 3. f4 d6 4. Nf3 a6 5. a4 Nf6 6. Bc4 Bg4 7. Bxf7+ Kxf7 8.
O-O Kg8 9. h3 Be6 10. Ng5 Qd7 11. d3 h6 12. Nxe6 Qxe6 13. Qf3 Qf7 14. Be3 Qe8
15. Ne2 Nb4 16. Rac1 e5 17. c3 Nxd3 18. Rc2 exf4 19. Bxf4 Nxf4 20. Nxf4 Qxe4
21. Re2 Qxf3 22. Rxf3 Re8 23. Ref2 d5 24. Ng6 Rh7 25. Rg3 Re1+ 26. Kh2 Bd6 27.
Rxf6 Bxg3+ 0-1

[Event "Frankfurt Ch 2014"]
[Site "Ffm-Höchst, BiKuZ"]
[Date "2014.05.19"]
[Round "4.57"]
[White "Dümmler, Rudolf"]
[Black "Popp, Matthias"]
[Result "0-1"]
[WhiteElo "1170"]
[BlackElo "1530"]
[PlyCount "56"]
[EventDate "2014.??.??"]
[WhiteTeam "SAbt TuS Makkabi Ffm"]
[BlackTeam "SC Bergen-Enkheim 1922"]

1. d4 d6 2. Nf3 Nd7 3. c4 Ngf6 4. Nc3 e5 5. Bg5 c6 6. e3 Be7 7. Be2 Qc7 8. d5
O-O 9. O-O Nc5 10. Nd2 Bf5 11. Bxf6 Bxf6 12. e4 Bg6 13. Bh5 Qb6 14. b3 Nd3 15.
Bxg6 fxg6 16. Qe2 Nf4 17. Qd1 Bd8 18. Nf3 Qc7 19. Ne2 Qd7 20. Nxf4 Rxf4 21. Qd3
Qg4 22. Rae1 Bb6 23. h3 Qd7 24. Nh2 Raf8 25. Re2 h5 26. Qg3 Qf7 27. Nf3 Qf6 28.
Ng5 h4 0-1